Biologic DT system in the treatment of advanced hepatic encephalopathy a technology whose time has come / (رقم التسجيلة. 6352)

تفاصيل مارك
000 -LEADER
fixed length control field 012880000a22003250004500
003 - CONTROL NUMBER IDENTIFIER
control field EG-GICUC
005 - DATE AND TIME OF LATEST TRANSACTION
control field 20250223025130.0
008 - FIXED-LENGTH DATA ELEMENTS--GENERAL INFORMATION
fixed length control field 080120s2001 ua a f m 000 0 eng d
040 ## - CATALOGING SOURCE
Original cataloging agency EG-GICUC
Language of cataloging eng
Transcribing agency EG-GICUC
041 0# - LANGUAGE CODE
Language code of text/sound track or separate title Eng
049 ## - LOCAL HOLDINGS (OCLC)
Holding library Deposite
097 ## - Thesis Degree
Thesis Level Ph.D
099 ## - LOCAL FREE-TEXT CALL NUMBER (OCLC)
Classification number Cai01.11.33.Ph.D.2001.Mo.B
100 0# - MAIN ENTRY--PERSONAL NAME
Personal name Mohammed Salah Abdelbary
245 10 - TITLE STATEMENT
Title Biologic DT system in the treatment of advanced hepatic encephalopathy a technology whose time has come /
Statement of responsibility, etc. Mohammed Salah Abdelbary ; Supervised Mohamed Farid Abdelwahab , Sameh Saad Labib , Tarek Hassanein
246 15 - VARYING FORM OF TITLE
Title proper/short title استخدام جهاز الكبد الصناعى فى علاج حالات الغيبوبة الكبدية المتأخرة
260 ## - PUBLICATION, DISTRIBUTION, ETC.
Place of publication, distribution, etc. Cairo :
Name of publisher, distributor, etc. Mohammed Salah Abdelbary ,
Date of publication, distribution, etc. 2001
300 ## - PHYSICAL DESCRIPTION
Extent 387P. :
Other physical details ill. ;
Dimensions 25cm
502 ## - DISSERTATION NOTE
Dissertation note Thesis (Ph.D.) - Cairo University - Faculty Of Medicine - Department Of Tropical Medicine
653 #4 - INDEX TERM--UNCONTROLLED
Uncontrolled term ALF
653 #4 - INDEX TERM--UNCONTROLLED
Uncontrolled term Biologic DT
653 #4 - INDEX TERM--UNCONTROLLED
Uncontrolled term Hepatic encephalopathy
700 0# - ADDED ENTRY--PERSONAL NAME
Personal name Mohamed Farid Abdelwahab ,
Relator term
700 0# - ADDED ENTRY--PERSONAL NAME
Personal name Sameh Saad Labib ,
Relator term
700 0# - ADDED ENTRY--PERSONAL NAME
Personal name Tarek Hassanein ,
Relator term
856 ## - ELECTRONIC LOCATION AND ACCESS
Uniform Resource Identifier <a href="http://172.23.153.220/th.pdf">http://172.23.153.220/th.pdf</a>
905 ## - LOCAL DATA ELEMENT E, LDE (RLIN)
Cataloger Enas
Reviser Cataloger
905 ## - LOCAL DATA ELEMENT E, LDE (RLIN)
Cataloger Mustafa
Reviser Revisor
942 ## - ADDED ENTRY ELEMENTS (KOHA)
Source of classification or shelving scheme Dewey Decimal Classification
Koha item type Thesis
المقتنيات
Source of classification or shelving scheme Not for loan Home library Current library Date acquired Full call number Barcode Date last seen Koha item type
Dewey Decimal Classification   المكتبة المركزبة الجديدة - جامعة القاهرة قاعة الرسائل الجامعية - الدور الاول 11.02.2024 Cai01.11.33.Ph.D.2001.Mo.B 01010110037565000 22.09.2023 Thesis
Cairo University Libraries Portal Implemented & Customized by: Eng. M. Mohamady Contacts: new-lib@cl.cu.edu.eg | cnul@cl.cu.edu.eg
CUCL logo CNUL logo
© All rights reserved — Cairo University Libraries
CUCL logo
Implemented & Customized by: Eng. M. Mohamady Contact: new-lib@cl.cu.edu.eg © All rights reserved — New Central Library
CNUL logo
Implemented & Customized by: Eng. M. Mohamady Contact: cnul@cl.cu.edu.eg © All rights reserved — Cairo National University Library